| 000 | 02524cam a2200385 i 4500 | ||
|---|---|---|---|
| 001 | 193284 | ||
| 003 | SpMaBN | ||
| 005 | 20250804062655.0 | ||
| 007 | ta | ||
| 008 | 080730s2008 sp a | |||| 000 f spa | ||
| 017 |
_aM 30567-2008 _bOficina Depósito Legal Madrid |
||
| 020 | _a9788461245468 | ||
| 035 | _a(OCoLC)433787774 | ||
| 035 | _aa4312815 | ||
| 040 |
_aSpMaBN _bspa _cSpMaBN _erdc |
||
| 080 | _a821.134.2-31"19" | ||
| 100 | 1 |
_aBenítez, Jesús, _d1957- _0XX4581806 _9234283 _eaut |
|
| 245 | 1 | 3 |
_aEl juego / _cJesús Benítez ; [prólogo, Aurelio de Prada] |
| 250 | _aPrimera edición, junio 2008 | ||
| 260 |
_aMadrid : _bEdición Personal, _c2008 |
||
| 300 |
_a199 páginas : _bilustraciones (blanco y negro) ; _c21 cm |
||
| 336 |
_2rdacontent _aTexto |
||
| 337 |
_2rdamedia _asin mediación |
||
| 338 |
_2rdacarrier _avolumen |
||
| 520 | _aLa trama en El juego se encuentra en la línea divisoria entre la aventura, la filosofía y la ciencia-ficción, en la que el futuro de la Humanidad se encuentra en las manos de aventureros y científicos que con su intervención pueden evitar un Apocalipsis informático. En la obra se hace mención a los últimos descubrimientos en nanociencia y microfísica. Al mismo tiempo, el medio en el que se desarrolla el relato trasciende los conceptos de «espacio» y «tiempo» y pone en discusión la percepción de la realidad, siguiendo teorías cientificistas y orientalistas, utilizando los fundamentos de los principios de la denominada «teoría de la complejidad». Se trata de una obra de acción en la que los protagonistas se enfrentan a las fuerzas de la naturaleza en un juego de complejidades. Se relatan las aventuras de Simón, un hombre, «clon» que existe entre la realidad y la ficción. Es miembro de una organización secreta y él y sus compañeros participan en una aventura, «el juego» virtual, actividad llena de peligros de la que intentan salir indemnes. | ||
| 655 | 0 |
_aNovelas _9234319 |
|
| 700 | 1 |
_9234416 _aPrada García, Aurelio de _eaui |
|
| 852 |
_aES-MaACL _bR. 154688 _cDEPOJ _jN-9462 _gDedicatoria autógrafa del autor _hDonación: Jesús Benítez _9200718 _xEncuadernación rústica |
||
| 903 |
_9234283 _aBenítez, Jesús, _d1957- _ednr |
||
| 942 |
_n0 _cMONOGRAFIA |
||
| 999 |
_c193284 _d193284 |
||